| 000 | 01934nam0a2200337 4500 | ||
|---|---|---|---|
| 001 | RU\NLR\BIBL_A\011924156 | ||
| 005 | 20190326113655.0 | ||
| 010 |
_a978-5-9515-0397-8 _985 |
||
| 021 |
_aRU _bКН-П-18-099582 _9КН-П-18-7228 |
||
| 035 | _a(NLR Aleph) 011924156 | ||
| 035 | _a(RuMoRGB)009848074 | ||
| 090 |
_a11004114 _c11004114 |
||
| 100 | _a20190131d2018 k y0rusy50 ca | ||
| 101 | 0 | _arus | |
| 102 | _aRU | ||
| 105 | _aa|||z|||000zy | ||
| 200 | 1 |
_aЗащита малогабаритной бортовой аппаратуры от механических воздействий _e[сборник статей] _fФГУП "Российский федеральный ядерный центр - Всероссийский научно-исследовательский институт экспериментальной физики" _g[автор-составитель: Иванов А.В.] |
|
| 210 |
_aСаров _cРФЯЦ-ВНИИЭФ _d2018 |
||
| 215 |
_a73 с. _cил., цв. ил., табл. _d21 |
||
| 320 | _aБиблиогр. в конце ст. | ||
| 606 | 1 |
_aБортовая радиоэлектронная аппаратура _jСборники _xАмортизаторы _91517622 _3RU\NLR\AUTH\66961308 |
|
| 606 | 1 |
_aБортовая радиоэлектронная аппаратура _jСборники _xНадежность _92254215 _3RU\NLR\AUTH\661351954 |
|
| 686 | 1 | _aО561.5-021.1я43 | |
| 702 | 1 |
_4220 _aИванов _bА. В. _cфизик, бортовая электрон. аппаратура _gАлексей Валерьевич _9202773 _3RU\NLR\AUTH\770202824 |
|
| 712 | 0 | 2 |
_4475 _aВсероссийский НИИ экспериментальной физики _cСаров _9548243 _3RU\NLR\AUTH\8810024997 |
| 942 | _cBOOK | ||
| 980 | _aNBR | ||
| 980 | _aNB | ||